The storm breaks : (Record no. 13972)
[ view plain ]
| 000 -LEADER | |
|---|---|
| fixed length control field | 00559nam a2200169 4500 |
| 008 - FIXED-LENGTH DATA ELEMENTS--GENERAL INFORMATION | |
| fixed length control field | 030115s1995 enk 0 eng |
| 020 ## - INTERNATIONAL STANDARD BOOK NUMBER | |
| International Standard Book Number | 0852343361 |
| 090 #0 - LOCALLY ASSIGNED LC-TYPE CALL NUMBER (OCLC); LOCAL CALL NUMBER (OCLC) | |
| Classification number (OCLC) (R) ; Classification number, CALL (RLIN) (NR) | BS1415.3 |
| Local cutter number (OCLC) ; Book number/undivided call number, CALL (RLIN) | T36s |
| -- | 1995 |
| 100 1# - MAIN ENTRY--PERSONAL NAME | |
| Personal name | Thomas, Derek |
| 245 10 - TITLE STATEMENT | |
| Title | The storm breaks : |
| Remainder of title | Job simply explained / |
| Statement of responsibility, etc | Derek Thomas. |
| 260 ## - PUBLICATION, DISTRIBUTION, ETC. (IMPRINT) | |
| Place of publication, distribution, etc | Durham : |
| Name of publisher, distributor, etc | Evangelical Press, |
| Date of publication, distribution, etc | c1995. |
| 300 ## - PHYSICAL DESCRIPTION | |
| Extent | 352 p. |
| 490 1# - SERIES STATEMENT | |
| Series statement | Welwyn commentary series |
| 504 ## - BIBLIOGRAPHY, ETC. NOTE | |
| Bibliography, etc | Select. biblio: pp. 349-352 |
| 650 #4 - SUBJECT ADDED ENTRY--TOPICAL TERM | |
| Topical term or geographic name as entry element | Bible. O.T. Job |
| General subdivision | Commentaries. |
| 951 ## - EQUIVALENCE OR CROSS-REFERENCE-GEOGRAPHIC NAME/AREA NAME [OBSOLETE] [CAN/MARC only] | |
| -- | 17131 |
| -- | BS1415.3/T36s/1995 |
| -- | 070613111206656 |
| -- | 2000-12-21 |
| -- | GC |
| Withdrawn status | Lost status | Damaged status | Not for loan | Home library | Current library | Shelving location | Date acquired | Accession number | Shelving control number | Total Checkouts | Full call number | Date last seen | Price effective from | Koha item type |
|---|---|---|---|---|---|---|---|---|---|---|---|---|---|---|
| BSOP Library | BSOP Library | GC | 12/21/2000 | 17131 | 127 | BS1415.3/T36s/1995 | 02/23/2013 | 02/23/2013 | Books |
